000 00541nam a2200157Ia 4500
008 220216s9999 xx 000 0 und d
100 _aGopalakrishnan J
245 0 _aInositols from Hevea brasiliensis: Isolation of L-quebrachitol and studies on its extraction from different latex serum sources
260 _bWorld Congress on Biotechnology, 21-23 March 2011, Hyderabad, India
700 _a
_AKrishnakumar R
700 _aAnnamalainathan K
700 _aJacob J
700 _aPreenu Annie Abraham
700 _aThomas M
942 _cBS
999 _c53100
_d53100